Saltar ao contenido
VuFind
Idioma
English
Deutsch
Español
Français
Italiano
日本語
Nederlands
Português
Português (Brasil)
中文(简体)
中文(繁體)
Türkçe
עברית
Gaeilge
Cymraeg
Ελληνικά
Català
Euskara
Русский
Čeština
Suomi
Svenska
polski
Dansk
slovenščina
اللغة العربية
বাংলা
Galego
Tiếng Việt
Hrvatski
हिंदी
Todos os campos
Title
Autor
Subject
Número de Clasificación
ISBN/ISSN
Tag
Buscar
Avanzado
Reset Filters
Suggested Topics:
Unit Operations
Reset Filters
Show filters (1)
Suggested Topics:
Unit Operations
Buscar
adhunik
Citar
Enviar este rexistro por email
Imprimir
Exportar rexistro
Exportar a RefWorks
Exportar a EndNoteWeb
Exportar a EndNote
permanent_link
Cargando...
adhunik
Detalles Bibliográficos
Idioma:
Undetermined
Existencias
Descripción
Títulos similares
Staff View
LEADER
00262nam a2200085Ia 4500
008
170722s9999 xx 000 0 und d
245
|a
adhunik
942
|c
GEN
999
|c
28044
|d
28044
952
|0
0
|1
0
|4
0
|7
0
|9
32735
|a
LIB
|b
LIB
|d
2017-08-12
|p
G35853
|r
2017-08-12
|w
2017-08-12
|x
libsys DB error
|y
GEN
Títulos similares
Adhunik samvidhan /
por: Sarma, Indradutt
Publicado: (1953)
Adhunik Kavi /
por: Upadhyay, Ayodhya Simha
Publicado: (1948)
Adhunik sikshamanovijnan /
por: Sharma, Isvarchandra
Publicado: (1959)
Adhunik ekamki /
por: Chauhan, Vijay
Publicado: (1955)
Adhunik kavi /
por: Tripathi, Ramnaresh
Publicado: (1964)
Cargando...